PHARMACOLOGY PRACTICALS FOR DENTAL STUDENTS (Record no. 3535)
[ view plain ]
| 000 -LEADER | |
|---|---|
| fixed length control field | 00381nam a2200145Ia 4500 |
| 008 - FIXED-LENGTH DATA ELEMENTS--GENERAL INFORMATION | |
| fixed length control field | 150201s2004 xx 000 0 und d |
| 082 ## - DEWEY DECIMAL CLASSIFICATION NUMBER | |
| Classification number | 615 |
| Item number | P2004K |
| 100 ## - MAIN ENTRY--PERSONAL NAME | |
| Personal name | KHANNA,N.K. |
| 245 ## - TITLE STATEMENT | |
| Title | PHARMACOLOGY PRACTICALS FOR DENTAL STUDENTS |
| 250 ## - EDITION STATEMENT | |
| Edition statement | 1ST |
| 260 ## - PUBLICATION, DISTRIBUTION, ETC. (IMPRINT) | |
| Name of publisher, distributor, etc. | C.B.S PUBLISHERS & DISTRIBUTERS |
| Place of publication, distribution, etc. | DELHI |
| Date of publication, distribution, etc. | 2004 |
| 300 ## - PHYSICAL DESCRIPTION | |
| Extent | 1-100 |
| 650 ## - SUBJECT ADDED ENTRY--TOPICAL TERM | |
| Topical term or geographic name as entry element | PHARMACOLOGY |
| 942 ## - ADDED ENTRY ELEMENTS (KOHA) | |
| Source of classification or shelving scheme | Dewey Decimal Classification |
| Koha item type | Books |
| Koha issues (borrowed), all copies | 7 |
| Withdrawn status | Lost status | Source of classification or shelving scheme | Damaged status | Not for loan | Home library | Current library | Date acquired | Source of acquisition | Cost, normal purchase price | Serial Enumeration / chronology | SGTU | Bill Number | Total Checkouts | Full call number | Barcode | Date last seen | Date last checked out | Bill Date | Koha item type |
|---|---|---|---|---|---|---|---|---|---|---|---|---|---|---|---|---|---|---|---|
| Dewey Decimal Classification | SGT Dental Library | SGT Dental Library | 23/01/2007 | U.B.S.DELHI | 100.00 | 1 | SGTU | 1013 | 2 | 615 P2004K | FD4059 | 21/07/2022 | 20/07/2022 | 06/08/2012 | Books | ||||
| Dewey Decimal Classification | SGT Dental Library | SGT Dental Library | 23/01/2007 | U.B.S.DELHI | 100.00 | 1 | SGTU | 1013 | 2 | 615 P2004K | FD4060 | 10/02/2024 | 10/02/2024 | 06/08/2012 | Books | ||||
| Dewey Decimal Classification | SGT Dental Library | SGT Dental Library | 23/01/2007 | U.B.S.DELHI | 100.00 | 1 | SGTU | 1013 | 615 P2004K | FD4061 | 09/02/2015 | 06/08/2012 | Books | ||||||
| Dewey Decimal Classification | SGT Dental Library | SGT Dental Library | 23/01/2007 | U.B.S.DELHI | 100.00 | 1 | SGTU | 1013 | 2 | 615 P2004K | FD4062 | 07/12/2024 | 27/11/2024 | 06/08/2012 | Books | ||||
| Dewey Decimal Classification | SGT Dental Library | SGT Dental Library | 23/01/2007 | U.B.S.DELHI | 100.00 | 1 | SGTU | 1013 | 1 | 615 P2004K | FD4063 | 10/10/2024 | 08/10/2024 | 06/08/2012 | Books |